| 000 | 01194nam0a22002651 4500 | ||
|---|---|---|---|
| 001 | rc\2582058 | ||
| 005 | 20110914164200.5 | ||
| 035 | _a(NLR Aleph) 006746516 | ||
| 090 |
_a5699647 _c5699647 |
||
| 100 | _a20110914d1928 |||y0rusy50 ba | ||
| 101 | 1 |
_arus _cukr |
|
| 102 | _aRU | ||
| 105 | _ay z |||a| | ||
| 200 | 1 |
_aBoa constrictor _e[Повесть] _fИван Франко _gПер. с украинского К. Довганя, А. Полторацкого. (Озерова) |
|
| 210 |
_a[Харьков] _cПролетарий _d[1928] _g2-а друк вид-ва "Пролетарий" |
||
| 215 |
_aXX, [2], 172 с. _d9 см. |
||
| 300 | _aПовесть из жизни еврея капиталиста-нефтепромышленника и рабочих его предприятий в эпоху развития пром. капитализма в Галиции (конец XIX ст.) | ||
| 700 | 1 |
_aФранко _bИ. Я. _f1856-1916 _gИван Яковлевич |
|
| 702 | 1 |
_aПолторацкий _bА. _cОзеров _4730 |
|
| 702 | 1 |
_aДовгань _bК. _4730 |
|
| 801 | 0 |
_aRU _bNLR _gpsbo |
|
| 801 | 1 |
_aRU _bELAR _2rusmarc |
|
| 852 |
_aNLR _j46/227 |
||
| 942 | _cBOOK | ||
| 980 | _aNB | ||